Patrocinadores masters dos times da Série A 2025 - Statistics

Estatísticas Gerais
  • Esse quiz foi jogado 45 vezes
  • A pontuação média é 7 de 20
Estatísticas das Respostas
Time Patrocinador % Correto
Flamengo Betano
95%
Red Bull Bragantino Red Bull
61%
Palmeiras Sportingbet
61%
Sport Bet Nacional
44%
Cruzeiro Betfair
41%
Vasco Betfair
41%
Fluminense Superbet
41%
São Paulo Superbet
41%
Mirassol Poty
39%
Santos 7K
34%
Vitória 7K
34%
Ceará Esportes da Sorte
34%
Corinthians Esportes da Sorte
34%
Grêmio Alfa
32%
internacional Alfa
32%
Botafogo Vbet
24%
Bahia Casa de Apostas
17%
Fortaleza Cassino
7%
Atlético MG H2Bet
7%
Juventude Stake
5%
Nenhum quiz correspondente encontrado
Distribuição das Pontuações
Porcentagem de Pessoas com Cada Pontuação
Percentil de Números Respondidos
Sua Pontuação Histórica
Você não jogou esse quiz